000 00543nam a22001937a 4500
003 OSt
008 230523b2015 |||||||| |||| 00| 0 eng d
020 _a9789332551831
082 _a158.3
_bGIB-I
100 _aGibson, Robert L.
245 _aIntroduction to counseling and guidance /
_cRobert L. Gibson and Marianne H. Mitchell
250 _a7th ed.
260 _aNoida :
_bPearson,
_c2015.
300 _axviii, 523 p. ;
650 _aCounseling
650 _aCounseling psychology
700 _aMkitchell, Marianne H.
942 _2ddc
_cBK
999 _c19644
_d19644